000 00491nam a2200181Ia 4500
003 LK-CoDNM
008 010623t2007 xxu||||| |||| 00| 1 sin d
040 _aLK-CoDNM
_dLK-CoDNM
_eLK-CoDNM
041 _asin
080 _a294.3WEE
100 _aWeerasingha,Piyadasa
245 _aසසර දුක නිවන බුදු මඟ
246 _asasara Duka Niwana Budumaga
260 _bUdaya Printers
_aGanemulla
_c2007
300 _b128p, 21 cm
650 _aBuddhism
942 _cBK
999 _c127200
_d127200